000 00509cam a2200193ua 4500
001 2103
008 110803n ii |||gr||||Z||||||asm
020 _a81-85905-37-1
040 _cMAIN
082 _a370
100 _aSharma, Hemkanta,
_eAuthor.
245 1 _aShiksha tattva aru shiksha monobigyan
_cby Hemkanta Sharma
250 _a11th.
260 _aGuahati:
_bStudents stores,
_c2000.
300 _a218p:
_c23cm.
653 _aEducation
653 _aShiksha tattva aru shiksha monobigyan
942 _cBK
999 _c1971
_d1971